Good Vibes Good Life (Record no. 969)

MARC details
000 -LEADER
fixed length control field 00483nam a22001817a 4500
003 - CONTROL NUMBER IDENTIFIER
control field OSt
005 - DATE AND TIME OF LATEST TRANSACTION
control field 20231124115222.0
008 - FIXED-LENGTH DATA ELEMENTS--GENERAL INFORMATION
fixed length control field 231124b |||||||| |||| 00| 0 eng d
020 ## - INTERNATIONAL STANDARD BOOK NUMBER
International Standard Book Number 978-93-86832-83-2
040 ## - CATALOGING SOURCE
Transcribing agency English
082 ## - DEWEY DECIMAL CLASSIFICATION NUMBER
Classification number 158.1/KIN/GOO
Item number 11131
100 ## - MAIN ENTRY--PERSONAL NAME
Personal name King Vex
245 ## - TITLE STATEMENT
Title Good Vibes Good Life
260 ## - PUBLICATION, DISTRIBUTION, ETC.
Place of publication, distribution, etc. Australia
Name of publisher, distributor, etc. Hay House Publishers India
Date of publication, distribution, etc. 2019
300 ## - PHYSICAL DESCRIPTION
Extent 275p
Other physical details Third Reprint
653 ## - INDEX TERM--UNCONTROLLED
Uncontrolled term Instagram Guru, Good Vibes, Good life
942 ## - ADDED ENTRY ELEMENTS (KOHA)
Source of classification or shelving scheme Dewey Decimal Classification
Koha item type Book
Suppress in OPAC No
Holdings
Withdrawn status Lost status Source of classification or shelving scheme Damaged status Not for loan Collection Home library Current library Date acquired Source of acquisition Total checkouts Full call number Barcode Date last seen Date last checked out Cost, replacement price Price effective from Koha item type
    Dewey Decimal Classification     Text Book Main Branch Main Branch 11/24/2023 Shree Ganesh Book Suppliers Bill No.23 dated 12/12/2023 1 158.1/KIN/Goo 11131 11/24/2023 11/24/2023 499.00 11/24/2023 Book